Statistics for Fabulous - High School Musical Lyrics

Click here to take the quiz!

General Stats

  • This quiz has been taken 2,486 times
  • The average score is 217 of 284

Answer Stats

Answer% Correct
i
99%
a
98%
in
96%
fabulous
95%
to
95%
and
91%
is
91%
my
91%
spa
91%
that
91%
want
91%
the
90%
be
89%
from
88%
go
88%
imported
88%
me
88%
need
88%
request
88%
simple
88%
so
88%
Turkey
88%
turkey
88%
better
85%
all
84%
pool
84%
Spain
84%
England
82%
Maine
82%
things
82%
towels
82%
wrong
82%
best
81%
get
81%
dip
80%
trip
80%
you
80%
bigger
79%
do
79%
help
79%
little
79%
it
78%
along
77%
something
77%
whole
77%
world
77%
inspiring
75%
new
75%
tea
75%
according
74%
blue
74%
hello
74%
more
74%
of
74%
relax
74%
goodbye
73%
lifeguards
73%
old
73%
out
73%
skies
73%
with
73%
it's
71%
clouds
70%
gray
69%
for
68%
iced
68%
moi
66%
pink
66%
gonna
65%
renew
64%
where
64%
flip
63%
hair
63%
flops
62%
she
62%
days
61%
like
61%
then
61%
tiffany
61%
can
60%
prada
60%
we're
60%
her
59%
band
58%
jimmy
58%
choo
56%
fetch
56%
float
56%
summer
56%
needs
55%
never
55%
not
55%
tote
55%
wants
55%
before
54%
thank you
54%
that's
54%
endless
53%
everything
53%
this
53%
excuse me
51%
got
51%
bore
49%
insulting
49%
won't
49%
perfect
46%
have
43%
nothing
43%
what
41%
see
40%
discuss
39%
everything's
39%
absolutely
38%
head
38%
she's
38%
i need
37%
lot
37%
even
36%
parties
36%
trash
35%
fashion
34%
chaise
32%
bling
31%
splash
28%
smile
20%
eyes
18%
style
18%

Score Distribution

Percentile by Number Answered

Percent of People with Each Score

Your Score History

You have not taken this quiz